000
00309nam a2200121Ia 4500
008
190216s9999||||xx |||||||||||||| ||und||
100
_a
Barve R K&Amp; Subash Bhende
245
0
_a
Introduction To Indian Economy
260
_b
Vikas Publishing House
_c
1975
300
_a
298p
650
_a
Economics
942
_c
BK
999
_c
9431
_d
9431